[Event "Irkutsk Region-ch"]
[Site "Irkutsk"]
[Date "2017.10.21"]
[Round "1"]
[White "Samarin, Sergei"]
[Black "Grekhneva, Yana"]
[Result "0-1"]
[WhiteElo "2023"]
[BlackElo "1804"]
[PlyCount "64"]
[EventDate "2017.10.21"]
[EventType "swiss"]
[EventRounds "9"]
[EventCountry "RUS"]
[SourceTitle "CBM 181 Extra"]
[Source "ChessBase"]
[SourceDate "2017.12.12"]
[SourceVersion "1"]
[SourceVersionDate "2017.12.12"]
[SourceQuality "1"]

1. e4 c5 2. Nf3 Nc6 3. d4 cxd4 4. Nxd4 Nf6 5. Nc3 e5 6. Ndb5 d6 7. Bg5 a6 8. Na3 b5 9. Nd5 Be7 10. Bxf6 Bxf6 11. c4 b4 12. Nc2 a5 13. Nxf6+ gxf6 14. Qd5 Qc7 15. c5 Be6 16. Qxd6 Qxd6 17. cxd6 Kd7 18. Bb5 Rhc8 19. 0-0 Kxd6 20. Ba4 Nd4 21. Rfd1 b3 22. Nxd4 exd4 23. axb3 Ke5 24. Rdc1 Rxc1+ 25. Rxc1 Rb8 26. f3 Bxb3 27. Rc5+ Kd6 28. Rc6+ Ke5 29. Rc5+ Kd6 30. Rc6+ Kd7 31. Rb6+ Bxa4 32. Rxb8 d3 0-1

[Event "Irkutsk-ch"]
[Site "Irkutsk"]
[Date "2017.02.05"]
[Round "2"]
[White "Ladyzhinsky, Igor"]
[Black "Samarin, Sergei"]
[Result "0-1"]
[WhiteElo "1816"]
[BlackElo "2019"]
[PlyCount "139"]
[EventDate "2017.02.04"]
[EventType "swiss"]
[EventRounds "9"]
[EventCountry "RUS"]
[SourceTitle "CBM 177 Extra"]
[Source "ChessBase"]
[SourceDate "2017.04.27"]
[SourceVersion "1"]
[SourceVersionDate "2017.04.27"]
[SourceQuality "1"]

1. d4 c5 2. c3 Nf6 3. Nf3 b6 4. Bf4 d6 5. e3 Bb7 6. Be2 Nbd7 7. 0-0 Qc7 8. a4 a6 9. h3 h6 10. Bh2 g5 11. Ne1 h5 12. Nd2 g4 13. h4 e5 14. Nc4 Be7 15. dxe5 Nxe5 16. Qb3 Nfd7 17. Rd1 Qc6 18. Bg3 f6 19. e4 0-0-0 20. Rd5 Nxc4 21. Bxc4 Ne5 22. Nc2 Nxc4 23. Qxc4 b5 24. axb5 Qxb5 25. Qxb5 axb5 26. Rd2 Bxe4 27. Re1 f5 28. f3 gxf3 29. gxf3 Rhg8 30. Kh2 d5 31. fxe4 dxe4 32. Rxd8+ Rxd8 33. Re2 Rf8 34. Rf2 Kd7 35. Kh3 Ke6 36. Ne3 c4 37. Bf4 Bc5 38. Kg2 Rd8 39. Re2 Rd3 40. Kf2 b4 41. cxb4 Bxb4 42. Kg2 c3 43. bxc3 Bxc3 44. Kf1 Bd4 45. Kg2 Bc5 46. Kf1 Bd4 47. Kg2 Be5 48. Kg3 Bf6 49. Kh3 Rb3 50. Kg3 Be5 51. Re1 Bd4 52. Re2 Rd3 53. Kg2 Rc3 54. Kf2 Rc1 55. Kg2 Rb1 56. Nc2 Bf6 57. Kh3 Rf1 58. Bg5 Be5 59. Kg2 Rf3 60. Rf2 Rc3 61. Ne3 Bd4 62. Re2 Ke5 63. Bh6 Ke6 64. Bf4 Bf6 65. Kh3 Bd4 66. Kg2 Be5 67. Kg3 Rc8 68. Rf2 Rg8+ 69. Kh2 Bd4 70. Rg2 0-1

[Event "Irkutsk Region-ch sf3"]
[Site "Irkutsk"]
[Date "2014.08.05"]
[Round "2"]
[White "Bychkov, Vladimir"]
[Black "Samarin, Sergei"]
[Result "1-0"]
[WhiteElo "1964"]
[BlackElo "2058"]
[PlyCount "57"]
[EventDate "2014.08.04"]
[EventType "swiss"]
[EventRounds "9"]
[EventCountry "RUS"]
[SourceTitle "EXT 2016"]
[Source "ChessBase"]
[SourceDate "2015.10.08"]
[SourceVersion "1"]
[SourceVersionDate "2015.10.08"]
[SourceQuality "1"]

1. e4 c5 2. Nf3 d6 3. d4 cxd4 4. Nxd4 Nf6 5. Nc3 a6 6. Bc4 e6 7. Bb3 Be7 8. 0-0 0-0 9. Be3 b5 10. a3 Qc7 11. f4 Nc6 12. Qf3 Bb7 13. Rae1 Rac8 14. Nxc6 Bxc6 15. f5 exf5 16. Qxf5 Bd7 17. Qf3 Be6 18. Bd4 Qd7 19. Bd5 Ng4 20. Qg3 Kh8 21. Bxe6 Qxe6 22. Nd5 Ne5 23. c3 Bd8 24. Rf5 Ng6 25. Nf4 Qe8 26. Rh5 Ne5 27. Qh3 f5 28. Rxh7+ Kg8 29. Bxe5 1-0

[Event "Irkutsk Veda op"]
[Site "Irkutsk"]
[Date "2010.08.22"]
[Round "8"]
[White "Emelianov, Sergei"]
[Black "Samarin, Sergei"]
[Result "1/2-1/2"]
[WhiteElo "1945"]
[BlackElo "2137"]
[PlyCount "125"]
[EventDate "2010.08.15"]
[EventType "swiss"]
[EventRounds "9"]
[EventCountry "RUS"]
[SourceTitle "CBM 138 Extra"]
[Source "ChessBase"]
[SourceDate "2010.10.29"]
[SourceVersion "1"]
[SourceVersionDate "2010.10.29"]
[SourceQuality "1"]

1. d4 c5 2. d5 e5 3. c4 d6 4. e4 Be7 5. Nc3 a6 6. a4 Bg5 7. Nf3 Bxc1 8. Rxc1 Nf6 9. Be2 Nbd7 10. 0-0 Nf8 11. Ne1 Ng6 12. Nd3 Nd7 13. Bg4 Qg5 14. Bf5 Nf6 15. Bxc8 Rxc8 16. Qf3 h5 17. Qg3 Qg4 18. f3 Qd7 19. f4 h4 20. Qe3 exf4 21. Nxf4 Ne5 22. b3 Qe7 23. Nd3 h3 24. g3 Nfg4 25. Qe2 g6 26. Rf4 Nxd3 27. Qxd3 Ne5 28. Qe2 Kf8 29. Rcf1 Kg7 30. Nd1 Qg5 31. Ne3 Rce8 32. Qf2 Re7 33. Rf6 Rd7 34. Qe2 Rh4 35. R6f5 gxf5 36. Nxf5+ Kf8 37. Nxh4 Ke8 38. Nf5 Kd8 39. Qe3 Qh5 40. Nh4 Kc7 41. Nf3 Re7 42. Nxe5 Qxe5 43. Qd3 Kd8 44. Rf4 Ke8 45. Qd2 Qa1+ 46. Rf1 Qg7 47. Rf4 Qa1+ 48. Rf1 Qe5 49. Rf4 f5 50. exf5 Qa1+ 51. Rf1 Qf6 52. Re1 Qxf5 53. Rxe7+ Kxe7 54. Qe1+ Kd8 55. Qf1 Qc2 56. Qf8+ Kc7 57. Qe7+ Kb8 58. Qxd6+ Ka8 59. Qd8+ Ka7 60. Kf1 Qg2+ 61. Ke1 Qxh2 62. a5 Qxg3+ 63. Kf1 1/2-1/2

[Event "Irkutsk Veda op"]
[Site "Irkutsk"]
[Date "2010.08.19"]
[Round "5"]
[White "Shelk, Alexander"]
[Black "Samarin, Sergei"]
[Result "1-0"]
[WhiteElo "2372"]
[BlackElo "2137"]
[PlyCount "73"]
[EventDate "2010.08.15"]
[EventType "swiss"]
[EventRounds "9"]
[EventCountry "RUS"]
[SourceTitle "CBM 138 Extra"]
[Source "ChessBase"]
[SourceDate "2010.10.29"]
[SourceVersion "1"]
[SourceVersionDate "2010.10.29"]
[SourceQuality "1"]

1. e4 e6 2. d4 d5 3. Nc3 Bb4 4. Nge2 dxe4 5. a3 Bxc3+ 6. Nxc3 f5 7. f3 exf3 8. Qxf3 Qxd4 9. Qg3 Nf6 10. Nb5 Qe4+ 11. Be2 Na6 12. Qxg7 Rf8 13. Bh6 Rf7 14. Qh8+ Ke7 15. Rd1 Bd7 16. Qxa8 Qh4+ 17. g3 Qxh6 18. Qxb7 Nc5 19. Qxc7 Nfe4 20. b4 Qe3 21. Rf1 Kf6 22. Qf4 Qxf4 23. gxf4 Na4 24. Nd6 Nxd6 25. Rxd6 Nc3 26. Bd3 Rg7 27. Kf2 Bb5 28. Re1 Bd7 29. Rg1 Re7 30. Rg3 Nd5 31. Kf3 Bc8 32. c4 Nc3 33. Ke3 Bb7 34. Kd2 Na4 35. c5 Nb2 36. Kc2 Na4 37. Kb3 1-0

[Event "Irkutsk Veda op"]
[Site "Irkutsk"]
[Date "2010.08.15"]
[Round "1"]
[White "Amosova, Dariya"]
[Black "Samarin, Sergei"]
[Result "0-1"]
[WhiteElo "1579"]
[BlackElo "2137"]
[PlyCount "52"]
[EventDate "2010.08.15"]
[EventType "swiss"]
[EventRounds "9"]
[EventCountry "RUS"]
[SourceTitle "CBM 138 Extra"]
[Source "ChessBase"]
[SourceDate "2010.10.29"]
[SourceVersion "1"]
[SourceVersionDate "2010.10.29"]
[SourceQuality "1"]

1. Nf3 c5 2. e4 g6 3. c3 Bg7 4. d4 cxd4 5. cxd4 Nc6 6. Nc3 d6 7. Be3 Nf6 8. d5 Nb8 9. Qc2 Bd7 10. Be2 0-0 11. 0-0 Na6 12. Bxa6 bxa6 13. Bd4 Qc7 14. Qd2 Rab8 15. Rab1 Rfc8 16. Rfc1 Qb7 17. Bxf6 Bxf6 18. b3 Qb4 19. e5 dxe5 20. Ne2 Qb7 21. Nc3 Bf5 22. Rb2 Qb4 23. h3 e4 24. g4 Bxc3 25. Qe2 exf3 26. Qxf3 Bxb2 0-1

[Event "Irkutsk Ermolaev Memorial 3rd"]
[Site "Irkutsk"]
[Date "2009.07.06"]
[Round "3"]
[White "Ginzburg, Alexander"]
[Black "Samarin, Sergei"]
[Result "1-0"]
[WhiteElo "2011"]
[BlackElo "2136"]
[PlyCount "85"]
[EventDate "2009.07.04"]
[EventType "swiss"]
[EventRounds "9"]
[EventCountry "RUS"]
[SourceTitle "EXT 2012"]
[Source "ChessBase"]
[SourceDate "2011.11.24"]
[SourceVersion "1"]
[SourceVersionDate "2011.11.24"]
[SourceQuality "1"]

1. d4 c5 2. d5 e5 3. e4 d6 4. Nf3 a6 5. a4 Bg4 6. Be2 Bxf3 7. Bxf3 Be7 8. Na3 Bg5 9. Bxg5 Qxg5 10. Nc4 Qd8 11. a5 Ne7 12. Nb6 Ra7 13. Bg4 0-0 14. Qf3 g6 15. Qf6 Nec6 16. Qxd8 Nxd8 17. Nc8 Ra8 18. Nxd6 f5 19. exf5 gxf5 20. Nxf5 Nf7 21. h4 Rd8 22. Rh3 Nd7 23. Rg3 Kf8 24. Bh5 b5 25. Raa3 e4 26. Rae3 Nf6 27. Bxf7 Kxf7 28. Rg7+ Kf8 29. d6 h5 30. Reg3 Rd7 31. R7g6 Kf7 32. Nh6+ Ke6 33. Ng8 Rxg8 34. Rxg8 Nxg8 35. Rxg8 Kxd6 36. Rh8 Kd5 37. Rxh5+ Kc4 38. g4 b4 39. Ke2 Re7 40. g5 Rg7 41. Rh6 Kb5 42. g6 Kxa5 43. h5 1-0

[Event "Irkutsk Ermolaev Memorial 3rd"]
[Site "Irkutsk"]
[Date "2009.07.04"]
[Round "1"]
[White "Belomestnykh, Afanasy"]
[Black "Samarin, Sergei"]
[Result "1/2-1/2"]
[WhiteElo "1830"]
[BlackElo "2136"]
[PlyCount "85"]
[EventDate "2009.07.04"]
[EventType "swiss"]
[EventRounds "9"]
[EventCountry "RUS"]
[SourceTitle "EXT 2012"]
[Source "ChessBase"]
[SourceDate "2011.11.24"]
[SourceVersion "1"]
[SourceVersionDate "2011.11.24"]
[SourceQuality "1"]

1. c4 c5 2. Nc3 Nc6 3. g3 g6 4. Bg2 Bg7 5. Nf3 e5 6. d3 Nge7 7. 0-0 d6 8. h3 Be6 9. Bg5 Qd7 10. Kh2 h6 11. Bd2 f5 12. e3 g5 13. Ng1 h5 14. f4 h4 15. gxh4 g4 16. Be1 exf4 17. exf4 0-0-0 18. Rb1 Bf6 19. Nd5 Bxd5 20. cxd5 Nd4 21. b4 Bxh4 22. Bxh4 Rxh4 23. Qe1 Rdh8 24. Qe3 b6 25. Rbc1 Kd8 26. bxc5 dxc5 27. Qe5 R4h6 28. Rfe1 Rxh3+ 29. Nxh3 Rxh3+ 30. Kg1 Rh6 31. Qg7 Rd6 32. Qh8+ Qe8 33. Qe5 Kd7 34. Re3 Qf7 35. Qh8 Nc8 36. Qe5 Qg8 37. Kf2 Rh6 38. Rh1 Rxh1 39. Bxh1 Qd8 40. Qg7+ Ne7 41. Qf6 Ng8 42. Qf7+ Ne7 43. Qf6 1/2-1/2

[Event "Dimitrovgrad-ch"]
[Site "Dimitrovgrad"]
[Date "2009.??.??"]
[Round "7"]
[White "Bobarykin, Dmitry"]
[Black "Samarin, Sergei"]
[Result "1-0"]
[WhiteElo "2245"]
[BlackElo "2135"]
[PlyCount "77"]
[EventDate "2009.08.??"]
[EventType "swiss"]
[EventRounds "9"]
[EventCountry "RUS"]
[SourceTitle "EXT 2012"]
[Source "ChessBase"]
[SourceDate "2011.11.24"]
[SourceVersion "1"]
[SourceVersionDate "2011.11.24"]
[SourceQuality "1"]

1. c4 c5 2. Nf3 Nc6 3. d4 cxd4 4. Nxd4 Nf6 5. Nc3 e6 6. Ndb5 d6 7. Bf4 e5 8. Bg5 a6 9. Bxf6 gxf6 10. Na3 Be6 11. g3 f5 12. Bg2 Rc8 13. 0-0 h5 14. Nd5 h4 15. e3 hxg3 16. hxg3 Qg5 17. Qb3 Qh6 18. Rfd1 f4 19. exf4 Qh2+ 20. Kf1 Nd4 21. Rxd4 exd4 22. Re1 Kd8 23. Qb6+ Kd7 24. Qxb7+ Kd8 25. Qb6+ Kd7 26. Nf6+ Ke7 27. Nd5+ Kd7 28. Qb7+ Kd8 29. Nf6 Rc7 30. Qb8+ Rc8 31. Qb6+ Ke7 32. Ne4 Rd8 33. Qxd4 Qh6 34. f5 Bg7 35. Qa7+ Rd7 36. Qxa6 Bxf5 37. Nxd6+ Kf6 38. Nxf5+ Kxf5 39. Qb5+ 1-0

[Event "Dimitrovgrad-ch"]
[Site "Dimitrovgrad"]
[Date "2009.??.??"]
[Round "9"]
[White "Goryachkin, Alexander"]
[Black "Samarin, Sergei"]
[Result "1/2-1/2"]
[WhiteElo "1936"]
[BlackElo "2135"]
[PlyCount "52"]
[EventDate "2009.08.??"]
[EventType "swiss"]
[EventRounds "9"]
[EventCountry "RUS"]
[SourceTitle "EXT 2012"]
[Source "ChessBase"]
[SourceDate "2011.11.24"]
[SourceVersion "1"]
[SourceVersionDate "2011.11.24"]
[SourceQuality "1"]

1. e4 c5 2. Nf3 d6 3. d4 cxd4 4. Nxd4 Nf6 5. Nc3 a6 6. Be3 e5 7. Nb3 Be6 8. Be2 h6 9. 0-0 g5 10. Qd2 Be7 11. Rad1 Nbd7 12. Kh1 Rc8 13. f3 Qc7 14. Qe1 Nf8 15. Qf2 Ng6 16. Bb6 Qb8 17. Ba7 Qa8 18. Bb6 Nf4 19. Rd2 Rxc3 20. bxc3 Nxe2 21. Qxe2 Qc8 22. Qe3 Nd7 23. Ba5 Qc6 24. Bb4 b6 25. Rfd1 Nc5 26. Qe2 0-0 1/2-1/2

[Event "Dimitrovgrad-ch"]
[Site "Dimitrovgrad"]
[Date "2009.??.??"]
[Round "8"]
[White "Samarin, Sergei"]
[Black "Grigoriev, E."]
[Result "1-0"]
[WhiteElo "2135"]
[BlackElo "2235"]
[PlyCount "59"]
[EventDate "2009.08.??"]
[EventType "swiss"]
[EventRounds "9"]
[EventCountry "RUS"]
[SourceTitle "EXT 2012"]
[Source "ChessBase"]
[SourceDate "2011.11.24"]
[SourceVersion "1"]
[SourceVersionDate "2011.11.24"]
[SourceQuality "1"]

1. e4 e5 2. f4 d5 3. exd5 exf4 4. Nf3 Nf6 5. c4 c6 6. d4 cxd5 7. Bxf4 Bb4+ 8. Nc3 0-0 9. Bd3 dxc4 10. Bxc4 Re8+ 11. Be5 Bxc3+ 12. bxc3 Be6 13. Bxe6 Rxe6 14. 0-0 Nbd7 15. Ng5 Rb6 16. Qf3 h6 17. Nh3 Rc8 18. Rae1 Qf8 19. Nf4 Rc4 20. Nd5 Nxe5 21. Rxe5 Nxd5 22. Qxd5 Rc8 23. c4 Rd8 24. Qe4 Rb2 25. Re7 Rxa2 26. Qxb7 f6 27. Rfe1 Rc2 28. c5 Kh8 29. Qxa7 f5 30. Qa4 1-0

[Event "Dimitrovgrad-ch"]
[Site "Dimitrovgrad"]
[Date "2009.??.??"]
[Round "4"]
[White "Samarin, Sergei"]
[Black "Shneider, Aleksandr"]
[Result "1/2-1/2"]
[WhiteElo "2135"]
[BlackElo "2535"]
[PlyCount "95"]
[EventDate "2009.08.??"]
[EventType "swiss"]
[EventRounds "9"]
[EventCountry "RUS"]
[SourceTitle "EXT 2012"]
[Source "ChessBase"]
[SourceDate "2011.11.24"]
[SourceVersion "1"]
[SourceVersionDate "2011.11.24"]
[SourceQuality "1"]

1. e4 e5 2. f4 d5 3. exd5 e4 4. d3 Bf5 5. dxe4 Bxe4 6. Qe2 Qh4+ 7. Kd1 Qe7 8. Nc3 Nf6 9. Nxe4 Nxe4 10. g3 Nd7 11. Bg2 Ndf6 12. c4 0-0-0 13. Nh3 c6 14. d6 Qxd6+ 15. Kc2 Re8 16. Be3 Qc7 17. Qf3 Qa5 18. Ng5 Qa4+ 19. b3 Qa5 20. Rhd1 Qc3+ 21. Kb1 Nxg5 22. fxg5 Qxe3 23. gxf6 gxf6 24. Bh3+ Kb8 25. Rd8+ Kc7 26. Rd7+ Kb6 27. Qxe3+ Rxe3 28. Kc2 Re2+ 29. Rd2 Rxd2+ 30. Kxd2 Bb4+ 31. Kc2 Re8 32. Bg4 f5 33. Bh5 Re5 34. a3 Bf8 35. b4 f4 36. Bxf7 fxg3 37. hxg3 Re2+ 38. Kb3 Re3+ 39. Ka4 Rxg3 40. Rd1 Bg7 41. c5+ Kc7 42. Be6 b5+ 43. cxb6+ axb6 44. Rd7+ Kb8 45. b5 c5 46. Rd8+ Kc7 47. Rd7+ Kb8 48. Rd8+ 1/2-1/2

[Event "Irkutsk-ch final op"]
[Site "Irkutsk"]
[Date "2008.10.12"]
[Round "7"]
[White "Samarin, Sergei"]
[Black "Ivenin, Vladimir"]
[Result "1-0"]
[WhiteElo "2161"]
[BlackElo "2073"]
[PlyCount "103"]
[EventDate "2008.09.30"]
[EventType "swiss"]
[EventRounds "9"]
[EventCountry "RUS"]
[SourceTitle "EXT 2022"]
[Source "ChessBase"]
[SourceDate "2021.10.06"]
[SourceVersion "1"]
[SourceVersionDate "2021.10.06"]
[SourceQuality "1"]

1. e4 c5 2. Nf3 Nc6 3. d4 cxd4 4. Nxd4 Nf6 5. Nc3 e5 6. Ndb5 d6 7. Bg5 a6 8. Na3 b5 9. Nd5 Be7 10. Bxf6 Bxf6 11. c4 b4 12. Nc2 a5 13. Nxf6+ Qxf6 14. Qd5 Bb7 15. Qb5 Rb8 16. Qb6 0-0 17. f3 Ba8 18. Qe3 Qg6 19. b3 f5 20. exf5 Qxf5 21. Bd3 Qf6 22. 0-0 Ne7 23. Rae1 Rf7 24. c5 Nc6 25. Bc4 Rbf8 26. cxd6 Qxd6 27. Rd1 Qe7 28. f4 e4 29. Rfe1 Re8 30. Nd4 Nxd4 31. Qxd4 Kh8 32. Bxf7 Qxf7 33. Qd7 Qh5 34. Re3 Bc6 35. Qd4 h6 36. Rc1 Re6 37. Rc5 Qf7 38. f5 Rf6 39. g4 Qa7 40. Qd8+ Kh7 41. Qxa5 Qd7 42. Qxb4 Qd1+ 43. Qe1 Qxg4+ 44. Rg3 Qf4 45. Qa1 e3 46. Rxc6 Qf2+ 47. Kh1 e2 48. Rc1 Qxf5 49. Qb1 Qxb1 50. Rxb1 Rf1+ 51. Rg1 Rf2 52. Rge1 1-0

[Event "Irkutsk City-ch"]
[Site "Irkutsk"]
[Date "2007.10.10"]
[Round "8"]
[White "Besedin, Anatoly"]
[Black "Samarin, Sergei"]
[Result "1-0"]
[WhiteElo "2104"]
[BlackElo "2185"]
[PlyCount "125"]
[EventDate "2007.09.16"]
[EventType "swiss"]
[EventRounds "9"]
[EventCountry "RUS"]
[SourceTitle "EXT 2009"]
[Source "ChessBase"]
[SourceDate "2008.11.26"]
[SourceVersion "1"]
[SourceVersionDate "2008.11.26"]
[SourceQuality "1"]

1. e4 c5 2. Nc3 Nc6 3. Nf3 g6 4. d4 cxd4 5. Nxd4 Bg7 6. Be3 Nf6 7. f3 0-0 8. Qd2 d6 9. 0-0-0 Nxd4 10. Bxd4 Be6 11. Kb1 a6 12. g4 b5 13. h4 h5 14. gxh5 Nxh5 15. Bxg7 Kxg7 16. Rg1 Rc8 17. Bd3 Rc5 18. Rg5 Qa5 19. a3 Rfc8 20. Ne2 Qxd2 21. Rxd2 f6 22. Rg2 Kf7 23. Rd1 Rh8 24. Rdg1 Rh6 25. b4 Rc8 26. Kc1 Bh3 27. Rh2 Be6 28. Kd2 Rch8 29. Ke3 Ng7 30. Rhg2 Bh3 31. Rg3 Bd7 32. Nf4 Nh5 33. Nxh5 Rxh5 34. Rxg6 Rxh4 35. Rg7+ Kf8 36. c4 Rh1 37. Kd4 Rxg1 38. Rxg1 Ke8 39. f4 Kd8 40. Kd5 Rh3 41. Rd1 Bg4 42. Rd2 Kd7 43. cxb5 e5 44. f5 Bh5 45. Kc4 Bf7+ 46. Kc3 axb5 47. Kb2 Kc6 48. Bc2 Rg3 49. a4 bxa4 50. Bxa4+ Kc7 51. Rc2+ Kb7 52. Rh2 Bg8 53. Rh6 Rg4 54. Rg6 Rg5 55. Rxf6 d5 56. Rg6 Rh5 57. Rxg8 dxe4 58. Bc2 Rh2 59. Re8 e3 60. Rxe5 e2 61. Kc3 Rf2 62. Bd3 Kc7 63. Rxe2 1-0